Lituma en Los Andes

Saved in:
Bibliographic Details
Main Author: Vargas Llosa, Mario (Author)
Format: Book
Language:Spanish
Published: Buenos Aires Planeta 1993
Series:Biblioteca del Sur
Subjects:
Tags: Add Tag
No Tags, Be the first to tag this record!

MARC

LEADER 00000nam a2200000 a 4500
001 UCX8394
003 CL-VaPUC
008 940325e19930000AG |||||||||||||||||spa|d
082 0 4 |a Pe863  |b VAR  |2 21 
100 0 |a Vargas Llosa, Mario  |e author  |9 318800 
245 1 0 |a Lituma en Los Andes 
300 |a 312 p 
942 |c BK 
945 |d 19940325 00:00:00  |a rbrito 
260 |a Buenos Aires  |b Planeta  |c 1993 
650 7 |a NOVELAS PERUANAS  |2 CL-VaPUC  |9 325503 
583 |a last modification  |c 19940325 00:00:00  |k Rodrigo Vera 
490 0 |a Biblioteca del Sur 
999 |c 227909  |d 227907 
952 |0 0  |1 0  |4 0  |6 PE_863_000000000000000_VAR_1993  |7 0  |8 A  |9 227202  |a FDOPOS  |b FDOPOS  |d 2019-11-15  |i 296502K  |o Pe863 VAR 1993  |p 296502K  |r 2025-01-22  |w 2019-11-15  |y BK  |k MLH